| 000 | 00711nmc a2200277 a 4500 | ||
|---|---|---|---|
| 003 | AR-BaBNM | ||
| 005 | 20251128203324.0 | ||
| 008 | 107119s1968 ||||||||||||||000 | spa|| | ||
| 040 | _cAR-BaBNM | ||
| 100 | 1 | _aGarcía Martínez, Carlos | |
| 245 | 1 | 0 | _aIntegración económica entre estados |
| 260 |
_aBuenos Aires _bEudeba _c1968 |
||
| 300 |
_a94 p. _btablas |
||
| 490 | 0 | _aTemas. economía | |
| 650 | 4 | _aHISTORIA ECONOMICA | |
| 650 | 4 | _aHISTORIA POLITICA | |
| 650 | 4 | _aINTEGRACION SOCIAL | |
| 650 | 4 | _aINTEGRACION ECONOMICA | |
| 650 | 4 | _aECONOMIA | |
| 650 | 4 | _aSISTEMAS ECONOMICOS | |
| 650 | 4 | _aCOMERCIO | |
| 651 | 4 | _aAmérica Latina | |
| 653 | _aMERCOSUR | ||
| 942 | _cBK | ||
| 998 | _cmariana | ||
| 999 |
_c2891 _d2891 |
||